Estadísticas para Países de los Papas

Haz click aquí para intentar la prueba.

Estadísticas generales

  • Esta prueba ha sido intentada 4.697 veces
  • La puntuación promedio es 11 de 15

Estadísticas de respuestas

# de PapasPaís% Correcto
212Italia / Ciudad del Vaticano
100%
2España
97%
6Alemania
96%
16Francia
96%
1Argentina
95%
1Polonia
88%
1Portugal
84%
1Reino Unido
84%
3Grecia
76%
1Países Bajos
71%
2Croacia
55%
2Turquía
55%
3Israel
47%
3Siria
33%
1Libia
24%

Distribución de puntuación

Porcentaje por número respondido

Porcentaje de gente con cada puntuación

Historial de tus puntuaciones

No has intentado esta prueba.